00923 2200421 4500001002100000008004100021035002000062082000800082084001400090100002200104245004900126250000600175260003000181650001400211990001200225990001200237990001200249990001200261990001200273990001200285990001200297990001200309990001200321990001200333990001200345990001200357990001200369990001200381990001200393990001200405990001200417990001200429990001200441990001200453990001200465990001200477990001200489INLIS000000000001197 ind  a0010-0524000432 a530 a530 MAR f aKanginan, Marthen aFisika Umtuk SMA Kelas XIIcMarthen Kanginan a1 aJakarta :bErlanggac2006 aNon Fiksi a0713696 a0713697 a0713698 a0713699 a0713700 a0713701 a0713702 a0713703 a0713704 a0713705 a0713706 a0713707 a0713708 a0713709 a0713710 a0713711 a0713712 a0713713 a0713714 a0713715 a0713716 a0713717 a0713718